00798cam a2200241 a 4500001001300000003000400013005001700017008004100034010001700075040001900092043001200111050001400123051002100137100002900158245008800187260004900275300002000324440003200344440005500376500008400431651002400515999001700539ca 24000714 DLC20260227111113.0820519s1923 ksu 000 0 eng  aca 24000714  aDLCcCarPdDLC af-ua---00aDT64b.M7 aAC1b.L8 no. 4691 aMoritzen, Julius,d1863-14aThe Egypt of yesterday :ba history of exploring and excavation /cJulius Moritzen. aGirard, Kan. :bHaldeman-Julius Co.,cc1923. a64 p. ;c13 cm. 0aLittle blue book ;vno. 469 0aPocket series (Haldeman-Julius Company) ;vno. 469 aHas series statements: Pocket series (t.p.) Little blue book (p. [1] of cover). 0aEgyptxAntiquities. c15845d15845